Statistics for NBA Best Teams Starters 2010s

Click here to take the quiz!

General Stats

  • This quiz has been taken 1,511 times
  • The average score is 100 of 150

Answer Stats

TeamPositionPlayer% Correct
Warriors 2016-17PGStephen Curry
100%
Spurs 2013-14SGDanny Green
99%
Raptors 2018-19SGDanny Green
99%
Warriors 2016-17PFDraymond Green
99%
Warriors 2016-17SFKevin Durant
99%
Thunder 2011-12SFKevin Durant
99%
Warriors 2016-17SGKlay Thompson
99%
Heat 2012-13SFLeBron James
99%
Cavaliers 2015-16SFLeBron James
99%
Cavaliers 2015-16CTristan Thompson
98%
Heat 2012-13SGDwyane Wade
97%
Mavericks 2010-11PFDirk Nowitzki
96%
Rockets 2017-18SGJames Harden
96%
Cavaliers 2015-16PGKyrie Irving
96%
Raptors 2018-19SFKawhi Leonard
95%
Spurs 2013-14SFKawhi Leonard
95%
Celtics 2009-10PFKevin Garnett
95%
Nets 2013-14CKevin Garnett
95%
Lakers 2009-10SGKobe Bryant
95%
Spurs 2013-14CTim Duncan
95%
Heat 2012-13CChris Bosh
94%
Clippers 2013-14PGChris Paul
94%
Rockets 2017-18PGChris Paul
94%
Pacers 2013-14PFDavid West
94%
Bucks 2018-19PFGiannis Antetokounmpo
94%
Celtics 2009-10SFPaul Pierce
94%
Nets 2013-14PFPaul Pierce
94%
Celtics 2009-10SGRay Allen
94%
Thunder 2011-12PGRussell Westbrook
94%
Trail Blazers 2018-19PGDamian Lillard
93%
Cavaliers 2015-16PFKevin Love
93%
Raptors 2018-19CMarc Gasol
93%
Grizzlies 2012-13CMarc Gasol
93%
Lakers 2009-10PFPau Gasol
93%
Grizzlies 2012-13SGTony Allen
93%
Spurs 2013-14PGTony Parker
93%
Bulls 2010-11PGDerrick Rose
92%
Nuggets 2018-19CNikola Jokić
92%
Raptors 2018-19PGKyle Lowry
91%
Suns 2009-10PGSteve Nash
91%
76ers 2017-18CJoel Embiid
90%
Bucks 2018-19SFKhris Middleton
90%
Clippers 2013-14PFBlake Griffin
89%
Magic 2009-10CDwight Howard
89%
Pelicans 2017-18PGRajon Rondo
89%
Celtics 2009-10PGRajon Rondo
89%
Knicks 2012-13PGJason Kidd
88%
Mavericks 2010-11PGJason Kidd
88%
Cavaliers 2015-16SGJ.R. Smith
88%
Bucks 2018-19CBrook Lopez
87%
Pacers 2013-14SFPaul George
87%
Nuggets 2018-19PGJamal Murray
86%
Timberwolves 2017-18CKarl-Anthony Towns
86%
Raptors 2018-19PFPascal Siakam
86%
Pelicans 2017-18PFAnthony Davis
85%
Wizards 2016-17SGBradley Beal
85%
Knicks 2012-13PFCarmelo Anthony
85%
Wizards 2016-17PGJohn Wall
84%
76ers 2017-18PGBen Simmons
82%
Trail Blazers 2018-19SGC.J. McCollum
82%
Kings 2018-19PGDe'Aaron Fox
82%
Clippers 2013-14CDeAndre Jordan
82%
Bulls 2010-11CJoakim Noah
82%
Hornets 2015-16PGKemba Walker
82%
Pelicans 2017-18SGJrue Holiday
80%
Thunder 2011-12PFSerge Ibaka
79%
Pelicans 2017-18CDeMarcus Cousins
78%
Grizzlies 2012-13PGMike Conley
77%
Rockets 2017-18CClint Capela
76%
Celtics 2009-10CKendrick Perkins
76%
Thunder 2011-12CKendrick Perkins
76%
Hawks 2014-15CAl Horford
75%
Suns 2009-10PFAmar'e Stoudemire
75%
Timberwolves 2017-18SGJimmy Butler
74%
Heat 2012-13PGMario Chalmers
73%
Lakers 2009-10PGDerek Fisher
71%
Nets 2013-14PGDeron Williams
71%
Jazz 2009-10PGDeron Williams
71%
Nuggets 2018-19SGGary Harris
70%
Trail Blazers 2018-19CJusuf Nurkić
70%
Hornets 2015-16PFMarvin Williams
70%
Knicks 2012-13CTyson Chandler
70%
Mavericks 2010-11CTyson Chandler
70%
Warriors 2016-17CZaza Pachulia
69%
Hawks 2014-15SGKyle Korver
68%
Nuggets 2018-19PFPaul Millsap
68%
Hawks 2014-15PFPaul Millsap
68%
Pistons 2015-16CAndre Drummond
67%
Grizzlies 2012-13PFZach Randolph
66%
Timberwolves 2017-18PGJeff Teague
65%
Hawks 2014-15PGJeff Teague
65%
Wizards 2016-17SFOtto Porter
65%
Mavericks 2010-11SFShawn Marion
65%
Timberwolves 2017-18SFAndrew Wiggins
63%
76ers 2017-18SGJ.J. Redick
62%
Clippers 2013-14SGJ.J. Redick
62%
Rockets 2017-18PFP.J. Tucker
62%
Lakers 2009-10CAndrew Bynum
59%
Bucks 2018-19PGEric Bledsoe
58%
Nets 2013-14SFJoe Johnson
58%
Clippers 2013-14SFMatt Barnes
58%
Magic 2009-10SFMatt Barnes
58%
Lakers 2009-10SFRon Artest
58%
Pacers 2013-14PGGeorge Hill
57%
Suns 2009-10SFGrant Hill
57%
Wizards 2016-17CMarcin Gortat
55%
Pistons 2015-16PGReggie Jackson
55%
Pacers 2013-14CRoy Hibbert
55%
Jazz 2009-10PFCarlos Boozer
54%
Bulls 2010-11PFCarlos Boozer
54%
Rockets 2017-18SFTrevor Ariza
52%
Bulls 2010-11SFLuol Deng
51%
Kings 2018-19SGBuddy Hield
50%
Heat 2012-13PFUdonis Haslem
48%
Magic 2009-10PGJameer Nelson
44%
Pacers 2013-14SGLance Stephenson
42%
Magic 2009-10SGVince Carter
40%
Spurs 2013-14PFTiago Splitter
39%
76ers 2017-18SFRobert Covington
38%
Magic 2009-10PFRashard Lewis
35%
Thunder 2011-12SGThabo Sefolosha
35%
Pistons 2015-16SFMarcus Morris
34%
Wizards 2016-17PFMarkieff Morris
34%
Timberwolves 2017-18PFTaj Gibson
32%
Hornets 2015-16CCody Zeller
31%
Pistons 2015-16SGKentavious Caldwell-Pope
31%
Hawks 2014-15SFDeMarre Carroll
30%
Bucks 2018-19SGMalcolm Brogdon
30%
Hornets 2015-16SGNicolas Batum
30%
Trail Blazers 2018-19PFAl-Farouq Aminu
28%
Kings 2018-19SFIman Shumpert
28%
Knicks 2012-13SFIman Shumpert
28%
Suns 2009-10SGJason Richardson
25%
Grizzlies 2012-13SFTayshaun Prince
24%
Jazz 2009-10SGWesley Matthews
24%
76ers 2017-18PFDario Šarić
22%
Trail Blazers 2018-19SFMaurice Harkless
20%
Mavericks 2010-11SGDeShawn Stevenson
18%
Kings 2018-19CWillie Cauley-Stein
16%
Pelicans 2017-18SFE'Twaun Moore
15%
Jazz 2009-10CMehmet Okur
15%
Knicks 2012-13SGRaymond Felton
15%
Jazz 2009-10SFRonnie Brewer
11%
Nuggets 2018-19SFTorrey Craig
9%
Bulls 2010-11SGKeith Bogans
8%
Suns 2009-10CChanning Frye
7%
Pistons 2015-16PFErsan İlyasova
7%
Kings 2018-19PFNemanja Bjelica
7%
Nets 2013-14SGShaun Livingston
6%
Hornets 2015-16SFP.J. Hairston
2%

Score Distribution

Percentile by Number Answered

Percent of People with Each Score

Your Score History

You have not taken this quiz